000 01175cam a22002531i 4500
003 SA-RiAUC
005 20260217131433.0
008 260215s1983____le g 000 0dara c
040 _aSA-JeALM
_bara
_cSA-RiAUC.
_erda
082 0 4 _a258
090 _a258
_bر ح ي
100 1 _aالرحيلي، رويعي بن راجح،
_d1358 هجري-
_eمؤلف.
245 1 0 _aفقه عمر بن الخطاب رضى الله عنه /
_bفي كتاب الروض المربع للشيخ العلامة منصور بن يونس البهوتي المتوفي عام 1501 هـ
_cرويعي بن راجح الرحيلي.
264 1 _aمكة المكرمة :
_bمطابع الصفا،
_c( 2011 )
300 _aمجلد ؛
_c24 سم
336 _aنص
_btxt
_2rdacontent
_3كتاب
337 _aبدون وسيط
_bn
_2rdamedia
338 _aمجلد
_bnc
_2rdacarrier
600 0 7 _aعمر بن الخطاب بن نفيل القرشي،
_d40 قبل الهجرة-23 هجري
_xدين
_2aucnm
650 7 _aالفقه الإسلامي
_2aucsh
700 _aالبهوتي، منصور بن يونس
_tالروض المربع
942 _2ddc
_cBOOK
_n0
949 _aSA-JeALM
_d260215
_uosman123
_n1
999 _c14363
_d14363